| 000 | 00699nam a22002297a 4500 | ||
|---|---|---|---|
| 005 | 20170124105922.0 | ||
| 010 | _aA-689069 | ||
| 020 |
_c00.00 _a8185195528 |
||
| 035 | _aA-689069 | ||
| 037 | _bCen Lib/Ret | ||
| 040 |
_aDPL _bEN |
||
| 082 |
_a306.91 _bJOS |
||
| 100 |
_aJoshi, K.G. _972415 |
||
| 245 |
_aMass marriage in Karnataka : _cby K.G. Joshi _bsociological study / |
||
| 260 |
_aCalcuttta _bMinerva associates _c1973 |
||
| 270 |
_bCalcutta _a7-B, Lake place _e700029 |
||
| 300 |
_axviii,121p.; _c21cm(Hb) _bill. |
||
| 500 | _aIncludes index | ||
| 650 |
_aSocial condition _972416 |
||
| 650 |
_aMass marriage _zKarnataka _972417 |
||
| 942 |
_2ddc _cEN _h306.91 _mJOS |
||
| 999 |
_c123249 _d123249 |
||